| 000 | nam a22 7a 4500 | ||
|---|---|---|---|
| 999 |
_c22116 _d22116 |
||
| 008 | 170123b xxu||||| |||| 00| 0 eng d | ||
| 020 | _a9780558083939 | ||
| 050 | _aQA 37.2 .L53 2005 | ||
| 100 |
_aLial, Margaret L. _d2005 |
||
| 245 |
_aFinite Mathematics/ _cMargaret L. Lial, Raymond N. Greenwell, Nathan P. Ritchey. |
||
| 260 |
_aNew York: _bPearson custom publishing, _c2005. |
||
| 300 |
_axvii, 578, (49)p.: _bill.; _c26cm. |
||
| 521 | _aIncludes index. | ||
| 650 | _aMathematics. | ||
| 650 | _aCalculus. | ||
| 700 | _aGreenwell, Raymond N. | ||
| 700 | _aRitchey, Nathan P. | ||
| 942 |
_2lcc _cBOOKS _hQA 37.2 .L53 2005 |
||